Analýza výnosov rozpočtovej organizácie, príspevkovej organizácie a obce diplomová práca

Guardado en:
Detalles Bibliográficos
Autor principal: Václavová, Soňa
Autor Corporativo: Fakulta hospodárskej informatiky EU. Katedra účtovníctva a audítorstva
Otros Autores: Kovalčíková, Antónia
Formato: Libro
Lenguaje:eslovaco
Publicado: Bratislava 2016
Etiquetas: Agregar Etiqueta
Sin Etiquetas, Sea el primero en etiquetar este registro!

MARC

LEADER 00000nbm a2200000 4500
001 0219019
005 20240905111423.9
041 0 |a slo 
044 |a SK 
245 1 0 |a Analýza výnosov rozpočtovej organizácie, príspevkovej organizácie a obce  |b diplomová práca  |c Soňa Václavová ; školiteľ: Antónia Kovalčíková 
264 1 |a Bratislava  |c 2016 
300 |a 76 s. 
100 1 |a Václavová, Soňa 
700 1 |a Kovalčíková, Antónia 
710 2 |a Fakulta hospodárskej informatiky EU. Katedra účtovníctva a audítorstva